Essentials of Person-Environment- Correspondence Counseling. (Record no. 2104)

MARC details
005 - DATE AND TIME OF LATEST TRANSACTION
control field 20250507122315.0
020 ## - INTERNATIONAL STANDARD BOOK NUMBER
International Standard Book Number 0-8166-1889-5
082 ## - DEWEY DECIMAL CLASSIFICATION NUMBER
Classification number 658.3 LOF
100 ## - MAIN ENTRY--PERSONAL NAME
Author name LOFQUIST, L. H.
245 ## - TITLE STATEMENT
Title Essentials of Person-Environment- Correspondence Counseling.
260 ## - PUBLICATION, DISTRIBUTION, ETC.
Place of publication, distribution, etc. Minneapolis,
Name of publisher, distributor, etc. University Minnesota,
Date of publication, distribution, etc. 1991.
300 ## - PHYSICAL DESCRIPTION
Extent X,171p.: ill.; table
Other physical details Bibliographical Reference & Index
Dimensions 23cm.
700 ## - ADDED ENTRY--PERSONAL NAME
Other authors/Editors DAWIS, R. V.
942 ## - ADDED ENTRY ELEMENTS (KOHA)
Source of classification or shelving scheme Dewey Decimal Classification
Koha item type Books
Holdings
Date last seen Total checkouts Full call number Barcode Cost, replacement price Price effective from Koha item type Lost status Source of classification or shelving scheme Damaged status Not for loan Withdrawn status Home library Current library Shelving location Date acquired Cost, normal purchase price
05/07/2025   658.3 LOF 0000008062 30000.00 05/07/2025 Books   Dewey Decimal Classification       College of Business Education Main Library College of Business Education Main Library General Collection 10/17/1994 10000.00